000 00664nam a22002057a 4500
005 20170124110254.0
010 _a161498
020 _c00.00
035 _a161498
037 _bCen Lib/Ret
040 _aDPL
_bEN
082 _a484
_bWEB
245 _aWebster's dictionary of synonyms :
_ba dictionary of discriminated synonyms with antonyms and analogous and contrasted words /
260 _aU.S.A.
_bG.& C.Merriam Co.Publishers
_c1951
270 _bU.S.A.
_aSpringfield,Mass
300 _axxxiii,907p.
_c22cm(Hb)
650 _aEnglish -- dictionary
_92590
650 _aEnglish language
_vdictionary
_91923
942 _2ddc
_cEN
_h484
_mWEB
999 _c136076
_d136076